Europe per 4th Letter Quiz Stats

 Plays Quiz Updated Mar 26, 2019

Score 0/18 Timer 04:00
11 Plays Today
4th Letter Country % Correct
AAlbania, Belarus, Croatia, Monaco, Poland, Romania, Ukraine
96.9%
LFinland, Iceland, Ireland, Italy
92.7%
TAustria, Malta, Montenegro, North Macedonia, Portugal, Switzerland, United Kingdom
92%
MDenmark, Germany, San Marino
91.2%
ISpain, Vatican City
89.3%
EGreece, Luxembourg
88.4%
GBelgium, Bulgaria, Hungary
88.1%
DMoldova, Sweden
87.6%
NBosnia and Herzegovina, France
85.8%
4th Letter Country % Correct
HLithuania, Netherlands
82.7%
VLatvia, Slovakia, Slovenia
82.7%
OAndorra, Estonia, Kosovo
80.6%
CCzechia, Liechtenstein
79.4%
WNorway
77.6%
SRussia
73.4%
KTurkey
68.3%
BSerbia
65.4%
RCyprus
54.7%

You're not logged in!

Compare scores with friends on all Sporcle quizzes.
OR
Log In

Show Comments

Extras

Top Quizzes Today


Score Distribution

Your Account Isn't Verified!

In order to create a playlist on Sporcle, you need to verify the email address you used during registration. Go to your Sporcle Settings to finish the process.

Report this User

Report this user for behavior that violates our Community Guidelines.

Details: